[Event "Bergisch Gladbach-ch 24th"]
[Site "Bergisch Gladbach"]
[Date "2002.09.13"]
[Round "3"]
[White "Raupach, Birgit"]
[Black "Roettgen, Martin"]
[Result "0-1"]
[WhiteElo "1135"]
[BlackElo "1536"]
[PlyCount "40"]
[EventDate "2002.08.??"]
[EventType "swiss"]
[EventRounds "7"]
[EventCountry "GER"]
[SourceTitle "EXT 2005"]
[Source "ChessBase"]
[SourceDate "2004.11.15"]
[SourceVersion "1"]
[SourceVersionDate "2004.11.15"]
[SourceQuality "1"]

1. d4 Nf6 2. Nf3 d5 3. e3 Nc6 4. c4 e6 5. Be2 b6 6. Nc3 Ba6 7. b3 Bb4 8. Bd2 0-0 9. 0-0 Na5 10. a3 Bxc3 11. Bxc3 dxc4 12. bxc4 Bxc4 13. Ne5 Bxe2 14. Qxe2 Qd5 15. f4 Nc6 16. Rad1 Qe4 17. Bb4 Rfe8 18. Qc4 Nxe5 19. fxe5 Qxe3+ 20. Kh1 Ne4 0-1

[Event "Bergisch Gladbach-ch op"]
[Site "Bergisch Gladbach"]
[Date "2001.09.28"]
[Round "7"]
[White "Ommer, Hans"]
[Black "Roettgen, Martin"]
[Result "1-0"]
[WhiteElo "1382"]
[BlackElo "1485"]
[PlyCount "50"]
[EventDate "2001.08.17"]
[EventType "swiss"]
[EventRounds "7"]
[EventCountry "GER"]
[SourceTitle "EXT 2006"]
[Source "ChessBase"]
[SourceDate "2005.11.24"]
[SourceVersion "1"]
[SourceVersionDate "2005.11.24"]
[SourceQuality "1"]

1. e4 e5 2. f4 exf4 3. Nf3 Nc6 4. d4 d5 5. e5 Bg4 6. Bb5 a6 7. Bxc6+ bxc6 8. Bxf4 g6 9. 0-0 Bh6 10. Bxh6 Nxh6 11. h3 Bxf3 12. Qxf3 0-0 13. Qf6 Qd7 14. Nc3 Nf5 15. Rad1 Ne3 16. Na4 Nxf1 17. Rxf1 Qe6 18. Nc5 Qxf6 19. Rxf6 a5 20. Rxc6 Ra7 21. Nd7 Rd8 22. Nf6+ Kg7 23. b3 a4 24. b4 a3 25. b5 Rc8 1-0

[Event "Bergisch Gladbach-ch 22nd"]
[Site "Bergisch Gladbach"]
[Date "2000.08.25"]
[Round "3"]
[White "Ommer, Hans"]
[Black "Roettgen, Martin"]
[Result "1-0"]
[WhiteElo "1355"]
[BlackElo "1519"]
[PlyCount "98"]
[EventDate "2000.08.??"]
[EventType "swiss"]
[EventRounds "7"]
[EventCountry "GER"]
[SourceTitle "EXT 2005"]
[Source "ChessBase"]
[SourceDate "2004.11.15"]
[SourceVersion "1"]
[SourceVersionDate "2004.11.15"]
[SourceQuality "1"]

1. e4 e5 2. f4 exf4 3. Nf3 Nc6 4. d4 d5 5. e5 f6 6. Bxf4 fxe5 7. dxe5 Be7 8. Bb5 Bd7 9. Bxc6 Bxc6 10. Nd4 Bc5 11. c3 Ne7 12. 0-0 Bxd4+ 13. cxd4 0-0 14. Nc3 Ng6 15. Bg3 Qg5 16. Qc1 Rxf1+ 17. Kxf1 Rf8+ 18. Kg1 Qg4 19. Qd1 Qe6 20. Qd3 a6 21. a4 Bd7 22. Rf1 Rxf1+ 23. Kxf1 c6 24. a5 Ne7 25. Na4 Qf5+ 26. Qxf5 Nxf5 27. Nc5 Bc8 28. Bf2 Kf8 29. g4 Ne7 30. h3 Kf7 31. Kg2 g5 32. Kg3 h6 33. h4 gxh4+ 34. Kxh4 Kg6 35. Be3 Ng8 36. Nd3 Ne7 37. Nf4+ Kh7 38. Kh5 Kg7 39. Nh3 Ng8 40. Nf4 Ne7 41. g5 hxg5 42. Kxg5 Nf5 43. Bf2 Kf7 44. Nh5 Ng7 45. Nxg7 Kxg7 46. Bh4 Kf7 47. Kf4 Kg6 48. Bf6 Be6 49. Be7 Bf5 1-0

[Event "Bergisch Gladbach-ch 22nd"]
[Site "Bergisch Gladbach"]
[Date "2000.08.11"]
[Round "1"]
[White "Raabe, Joachim"]
[Black "Roettgen, Martin"]
[Result "1-0"]
[WhiteElo "1902"]
[BlackElo "1519"]
[PlyCount "57"]
[EventDate "2000.08.??"]
[EventType "swiss"]
[EventRounds "7"]
[EventCountry "GER"]
[SourceTitle "EXT 2005"]
[Source "ChessBase"]
[SourceDate "2004.11.15"]
[SourceVersion "1"]
[SourceVersionDate "2004.11.15"]
[SourceQuality "1"]

1. e4 e5 2. Nf3 Nc6 3. Bc4 d6 4. c3 Be6 5. Bxe6 fxe6 6. Qb3 Kd7 7. Qxb7 Rb8 8. Qa6 h6 9. b4 Rb6 10. Qe2 Nf6 11. d3 Qa8 12. Be3 Rb7 13. a4 a5 14. b5 Ne7 15. Nbd2 Nc8 16. h4 Nb6 17. h5 Qe8 18. d4 exd4 19. Nxd4 g5 20. Nc6 Qa8 21. 0-0 Bg7 22. e5 Nfd5 23. c4 Ne7 24. Nxe7 Kxe7 25. Bd4 Kd7 26. Qf3 Bxe5 27. Qf7+ Kc8 28. Bxe5 dxe5 29. c5 1-0